| 000 | 00506nam a2200181Ia 4500 | ||
|---|---|---|---|
| 008 | 240925s9999 xx 000 0 und d | ||
| 020 | _a9780070620049 | ||
| 082 | _a174.4 HAR | ||
| 100 | _aHartman, P Laura | ||
| 245 | 0 | _aPerspectives in Business Ethics | |
| 250 | _a3rd | ||
| 260 |
_aNew Delhi: _bMcGraw Hill Education (India) Private Limited _c,2011. |
||
| 300 |
_axxi, 702p. _bNA _fOriginal |
||
| 500 | _aIncludes Index | ||
| 600 | _aHumanities & Natural Science | ||
| 650 | _aEthics | ||
| 942 | _cBK | ||
| 999 |
_c15203 _d15203 |
||